| 000 | 00000nas 2200000za 4500 |
| 001 | 9.861429 |
| 003 | CaOODSP |
| 005 | 20251128144745 |
| 007 | cr ||||||||||| |
| 008 | 180831d19461967onc x m oss f000#a0fre|d |
| 040 | |aCaOODSP|bfre |
| 043 | |an-cn--- |
| 086 | 1 |aCS3-7E-PDF |
| 086 | 1 |aCS3-7-PDF |
| 130 | 0 |aReference paper (Canada. Bureau fédéral de la statistique) |
| 245 | 00|aReference paper |h[ressource électronique] / |cDominion Bureau of Statistics. |
| 246 | 1 |iCertaines livr. comportent le titre parallèle : |aDocument de référence |
| 260 | |a[Ottawa] : |bDominion Bureau of Statistics, |c1946-1967? |
| 310 | |aIrrégulier |
| 500 | |aPublié aussi en français sous le titre : Document de référence. |
| 546 | |aCertaines livr.en anglais seulement; certaines livr. en anglais et en français. |
| 692 | 07|2gccst|aStatistique |
| 710 | 1 |aCanada. |bBureau fédéral de la statistique. |
| 775 | 08|tDocument de référence |w(CaOODSP)9.820714 |
| 791 | |tReference paper |eeng|w(CaOODSP)9.820711 |